000 01442cam a2200325 a 4500
999 _c129336
_d129336
001 2944896
003 ARRUPE
005 20190401094135.0
008 900831s1991 ilua b s001 0 eng
010 _a 90047977
020 _a0226240703 (alk. paper)
020 _a0226240711 (pbk. : alk. paper)
040 _aDLC
_cDLC
_dDLC
043 _ae-uk-ni
050 0 0 _aHN400.V5
_bF45 1991
082 0 0 _a303.6/09416
_220
100 1 _aFeldman, Allen.
_945638
245 1 0 _aFormations of violence :
_bthe narrative of the body and political terror in Northern Ireland /
_cAllen Feldman.
260 _aChicago :
_bUniversity of Chicago Press,
_c1991.
300 _avii, 319 p. :
_bill. ;
_c24 cm.
504 _aIncludes bibliographical references (p. 303-309) and index.
650 0 _aPolitical violence
_zNorthern Ireland.
_945639
650 0 _aPolitical prisoners
_zNorthern Ireland
_xCase studies.
_945640
856 4 2 _3Publisher description
_uhttp://www.loc.gov/catdir/description/uchi051/90047977.html
856 4 1 _3Table of contents only
_uhttp://www.loc.gov/catdir/enhancements/fy0608/90047977-t.html
906 _a7
_bcbc
_corignew
_d1
_eocip
_f19
_gy-gencatlg
942 _2lcc
_cMONOGRAPH